000 00836nam a2200169 a 4500
008 120416s1984 ||||||||||||||||| || u
020 _a0712101810
050 _aHF 5635 Don
100 _aDonleavy, G. Douglas
245 1 0 _aAdvanced management accountancy
260 _aEstover, Plymouth
_bMacDonald & Evans
_c1984
300 _axii, 393p. : ill
350 _a0.00
995 _aANNEX COLLECTION (Main Library)
_D0.00
_e708005
_FCBU-MAIN LIBRARY (Kitwe)
_H3
_I8.95
_jHF 5635 Don
_UAVAILABLE
_y005514
_ZAnnex Low-Usage Collection
995 _aMAIN LIBRARY OPEN ACCESS
_D0.00
_e005513
_FCBU-MAIN LIBRARY (Kitwe)
_H2
_I8.95
_jHF 5635 Don
_UAVAILABLE
_y005513
_ZMain Library Open Access Collection
995 _aANNEX COLLECTION (Main Library)
_D0.00
_e708692
_FCBU-MAIN LIBRARY (Kitwe)
_H4
_I8.95
_jHF 5635 Don
_UAVAILABLE
_y005515
_ZAnnex Low-Usage Collection
999 _c83712
_d83712